000 01385nam a2200385 c 4500
001 21769
003 ES-MaCES
005 20150925133522.0
008 090122s2008 sp bd t o000 | cat d
017 _aB 46940-2008
_bDL
020 _a9788439378457
035 _aCES20090000583m
040 _aES-MaCES
_bspa
_cES-MaCES
100 1 _aLlorente Galera, Francisco
_916725
245 1 3 _aLa innovació com a estratègia empresarial per a la competitivitat del sector automobilístic
_cFrancisco Llorente Galera
260 _aBarcelona
_bConsell de Treball, Econòmic i Social de Catalunya
_c2008
300 _a306 p.
_c24 cm
490 1 _aLlibres del CTESC : eines per al debat
_v13
504 _aBibliografía: p. 279-304
541 _cGratuito
650 4 _ainnovación
_928230
650 4 _acambio tecnológico
_928236
650 4 _ainvestigación y desarrollo
_928273
650 4 _aindustria de vehículos a motor
_927855
650 4 _aorganización del trabajo
_929209
650 4 _acompetitividad
_928270
650 4 _aCataluña
_930774
653 1 0 _aIndustria-Energía
650 4 _930601
_aestrategia empresarial
710 2 _aConsejo de Trabajo, Económico y Social de Cataluña
_eed.
_92399
830 0 _aLlibres del CTESC : eines per al debat
_v13
_934187
902 _aLIB Libro
942 _2CES
_cBK
_h5.2.
999 _c21769
_d21769